[Event "37th Zurich Christmas 2013"]
[Site "Zurich SUI"]
[Date "2013.12.26"]
[Round "1.2"]
[White "Alekseev, Evgeny"]
[Black "Salzgeber, Frank"]
[Result "1-0"]
[WhiteTitle "GM"]
[WhiteElo "2698"]
[BlackElo "2177"]
[WhiteFideId "4138147"]
[BlackFideId "1304860"]
[EventDate "2013.12.26"]

1. e4 c5 2. Nf3 e6 3. d4 cxd4 4. Nxd4 a6 5. Bd3 Bc5 6. Nb3 Be7 7. Qg4 g6 8. Qe2
d6 9. O-O Nd7 10. Na3 b6 11. Nc4 Ngf6 12. Bh6 Bb7 13. f4 d5 14. exd5 Nxd5 15.
Rae1 Nc5 16. Nxc5 Bxc5+ 17. Kh1 b5 18. Ne5 Nc7 19. f5 gxf5 20. Bxf5 Qh4 21. Nxf7
Kxf7 22. Bxe6+ Kg6 23. Rf4 Qxh6 24. Qd3+ 1-0

[Event "37th Zurich Christmas 2013"]
[Site "Zurich SUI"]
[Date "2013.12.26"]
[Round "1.4"]
[White "Bartel, Mateusz"]
[Black "Eschmann, Patrick"]
[Result "1-0"]
[WhiteTitle "GM"]
[WhiteElo "2649"]
[BlackElo "2174"]
[WhiteFideId "1112635"]
[BlackFideId "1305182"]
[EventDate "2013.12.26"]

1. c4 f5 2. Nc3 Nf6 3. d4 g6 4. h4 Bg7 5. h5 d6 6. h6 Bf8 7. Bg5 e6 8. e4 Be7 9.
e5 dxe5 10. dxe5 Qxd1+ 11. Rxd1 Ng4 12. Bxe7 Kxe7 13. f4 Nc6 14. Nf3 Bd7 15. Ng5
Nd8 16. Rh3 Bc6 17. Be2 Bxg2 18. Rhd3 Bc6 19. Bxg4 fxg4 20. Nce4 1-0

[Event "37th Zurich Christmas 2013"]
[Site "Zurich SUI"]
[Date "2013.12.26"]
[Round "1.7"]
[White "Perman, Sergey"]
[Black "Popov, Ivan RUS"]
[Result "0-1"]
[BlackTitle "GM"]
[WhiteElo "2154"]
[BlackElo "2644"]
[WhiteFideId "1271038"]
[BlackFideId "4170350"]
[EventDate "2013.12.26"]

1. e4 c6 2. d4 d5 3. Nd2 dxe4 4. Nxe4 Bf5 5. Ng3 Bg6 6. h4 h6 7. Nf3 Nd7 8. h5
Bh7 9. Bd3 Bxd3 10. Qxd3 e6 11. Bd2 Ngf6 12. O-O-O Be7 13. Ne4 O-O 14. Kb1 c5
15. g4 Nxe4 16. Qxe4 cxd4 17. g5 hxg5 18. h6 g6 19. h7+ Kh8 20. Rdg1 Nc5 21. Qg4
d3 22. Bc3+ Bf6 23. Ne5 Bxe5 24. Bxe5+ f6 25. Qxg5 dxc2+ 26. Ka1 Nb3+ 0-1

[Event "37th Zurich Christmas 2013"]
[Site "Zurich SUI"]
[Date "2013.12.26"]
[Round "1.8"]
[White "Kovalenko, Igor"]
[Black "Schmidt, Ulrich"]
[Result "1-0"]
[WhiteTitle "GM"]
[WhiteElo "2643"]
[BlackElo "2148"]
[WhiteFideId "14117908"]
[BlackFideId "4630467"]
[EventDate "2013.12.26"]

1. e4 c5 2. Nf3 Nc6 3. Bb5 g6 4. O-O Bg7 5. Nc3 Nd4 6. Nxd4 cxd4 7. Ne2 a6 8.
Ba4 b5 9. Bb3 Bb7 10. d3 e6 11. Qe1 Ne7 12. a4 d5 13. f3 dxe4 14. fxe4 O-O 15.
axb5 axb5 16. Rxa8 Bxa8 17. Qb4 Qd7 18. Bg5 Re8 19. Ra1 Bc6 20. Qc5 Nc8 21. Kh1
h6 22. Bh4 e5 23. Ra6 Bb7 24. Rxg6 Kh7 25. Rxg7+ Kxg7 26. Ng3 Qc6 27. Qb4 Nd6
28. Qxd6 Qxd6 29. Nf5+ Kg6 30. Bxf7+ Kh7 31. Nxd6 Ra8 32. h3 Bc6 33. Bf6 Ra1+
34. Kh2 Rb1 35. b4 Rxb4 36. Bb3 Bd7 37. Bxe5 Kg6 38. Nf5 Bxf5 39. exf5+ Kxf5 40.
Bd6 1-0

[Event "37th Zurich Christmas 2013"]
[Site "Zurich SUI"]
[Date "2013.12.26"]
[Round "1.10"]
[White "Van Kampen, Robin"]
[Black "Arnelind, Mikael"]
[Result "1-0"]
[WhiteTitle "GM"]
[WhiteElo "2601"]
[BlackElo "2128"]
[WhiteFideId "1020854"]
[BlackFideId "1704290"]
[EventDate "2013.12.26"]

1. e4 e6 2. d4 d5 3. Nc3 Bb4 4. e5 c5 5. a3 Bxc3+ 6. bxc3 Qc7 7. Nf3 Ne7 8. a4
h6 9. h4 b6 10. Bb5+ Bd7 11. Bd3 Nbc6 12. O-O cxd4 13. cxd4 Nb4 14. Ba3 Qc3 15.
Qb1 a5 16. Rc1 Nf5 17. Bb2 Qc7 18. Bxf5 exf5 19. c3 Na6 20. Ba3 Qc6 21. e6 fxe6
22. Ne5 Qb7 23. Qb3 Nc7 24. c4 Qa6 25. Qg3 1-0

[Event "37th Zurich Christmas 2013"]
[Site "Zurich SUI"]
[Date "2013.12.26"]
[Round "1.19"]
[White "Cavaletto, Massimo"]
[Black "Malakhatko, Vadim"]
[Result "1/2-1/2"]
[BlackTitle "GM"]
[WhiteElo "2103"]
[BlackElo "2542"]
[WhiteFideId "1303678"]
[BlackFideId "14104202"]
[EventDate "2013.12.26"]

1. f4 d5 2. Nf3 g6 3. g3 Bg7 4. Bg2 Nh6 5. d3 d4 6. c3 c5 7. e4 dxe3 8. Bxe3 Qc7
9. d4 Nf5 10. Bf2 Nd7 11. Na3 a6 12. Nc2 O-O 13. O-O Nf6 14. Ne5 cxd4 15. Nxd4
Nxd4 16. Qxd4 Nd7 17. Rfe1 Nxe5 18. fxe5 Be6 19. Qb4 a5 20. Qb5 Bd7 21. Qc5 Bc6
22. Bxc6 bxc6 23. e6 Bf6 24. Rad1 Rad8 25. exf7+ Kxf7 26. Qc4+ Kg7 27. Bc5 Rxd1
28. Rxd1 Rd8 29. Rd3 Rxd3 30. Qxd3 Qe5 31. Bd4 Qe1+ 32. Kg2 Bxd4 33. Qxd4+ e5
34. Qd7+ Kh6 35. Qe7 Qe4+ 36. Kf2 Qc2+ 37. Kf3 Qd3+ 38. Kf2 Qd2+ 39. Kf3 Qd3+
40. Kf2 Qd2+ 1/2-1/2

[Event "37th Zurich Christmas 2013"]
[Site "Zurich SUI"]
[Date "2013.12.26"]
[Round "1.20"]
[White "Mozharov, Mikhail"]
[Black "Issler, Christian"]
[Result "1-0"]
[WhiteTitle "IM"]
[WhiteElo "2535"]
[BlackElo "2101"]
[WhiteFideId "4189825"]
[BlackFideId "1306456"]
[EventDate "2013.12.26"]

1. d4 Nf6 2. c4 e5 3. dxe5 Ng4 4. e3 Nxe5 5. Nc3 d6 6. f4 Nec6 7. Nf3 g6 8. Bd3
Bg7 9. O-O O-O 10. Nd5 Nd7 11. Rb1 a5 12. a3 a4 13. Bd2 Re8 14. Be1 Nc5 15. Bh4
f6 16. Bc2 Bd7 17. f5 Ne4 18. fxg6 hxg6 19. Nd2 Bf5 20. Nxe4 Bxe4 21. Nxf6+ Bxf6
22. Rxf6 1-0

[Event "37th Zurich Christmas 2013"]
[Site "Zurich SUI"]
[Date "2013.12.26"]
[Round "1.24"]
[White "Gallagher, Joseph G."]
[Black "Arcuti, Davide"]
[Result "1-0"]
[WhiteTitle "GM"]
[WhiteElo "2495"]
[BlackElo "2092"]
[WhiteFideId "1303422"]
[BlackFideId "1323725"]
[EventDate "2013.12.26"]

1. e4 e5 2. Nf3 Nc6 3. Bc4 Bc5 4. c3 Nf6 5. d3 d6 6. Bb3 a6 7. h3 h6 8. Nbd2 O-O
9. Nf1 Re8 10. Ng3 Be6 11. Bc2 d5 12. Qe2 b5 13. Nh2 Qd7 14. Qf3 Be7 15. O-O
Rad8 16. Re1 Nh7 17. Nh5 f5 18. Qg3 Bg5 19. Bxg5 Nxg5 20. exd5 Bxd5 21. f4 Qf7
22. fxg5 Qxh5 23. gxh6 Qxh6 24. Nf3 Re6 25. Ng5 Red6 26. h4 Qf6 27. Re2 Rf8 28.
Rf1 Re8 29. d4 f4 30. Rxf4 Qd8 31. dxe5 Rxe5 32. Rxe5 Nxe5 33. Rf1 Ng6 34. h5
Nf8 35. Ne4 Re6 36. Rd1 c6 37. Ng5 Re2 38. Bb3 Rxb2 39. Bxd5+ cxd5 40. Qe5 Rxa2
41. Rd3 Ra1+ 42. Kh2 Rf1 43. h6 Qf6 44. Qxd5+ Kh8 45. hxg7+ Kxg7 46. Rg3 Qh6+
47. Nh3+ Ng6 48. Qb7+ Rf7 49. Qxa6 Kh7 50. Qxb5 Nh4 51. Ng5+ 1-0

[Event "37th Zurich Christmas 2013"]
[Site "Zurich SUI"]
[Date "2013.12.26"]
[Round "1.25"]
[White "Schmid, Christoph"]
[Black "Kurmann, Oliver"]
[Result "1/2-1/2"]
[BlackTitle "IM"]
[WhiteElo "2086"]
[BlackElo "2427"]
[WhiteFideId "1302353"]
[BlackFideId "1308173"]
[EventDate "2013.12.26"]

1. d4 Nf6 2. c4 c5 3. Nf3 cxd4 4. Nxd4 e6 5. g3 a6 6. Bg2 Qc7 7. b3 Bb4+ 8. Bd2
Be7 9. O-O O-O 10. Nc3 Nc6 11. Nxc6 dxc6 12. Qc2 e5 13. Rad1 Be6 14. Bc1 Nd7 15.
Ne4 h6 16. c5 Rfd8 17. b4 a5 18. a3 axb4 19. axb4 b6 20. Be3 Ra2 21. Qc3 bxc5
22. Nxc5 Nxc5 23. Bxc5 Rb8 1/2-1/2

[Event "37th Zurich Christmas 2013"]
[Site "Zurich SUI"]
[Date "2013.12.26"]
[Round "1.29"]
[White "Aeschbach, Philipp"]
[Black "Huss, Andreas"]
[Result "1-0"]
[BlackTitle "IM"]
[WhiteElo "2071"]
[BlackElo "2367"]
[WhiteFideId "1308220"]
[BlackFideId "1300180"]
[EventDate "2013.12.26"]

1. d4 e6 2. c4 Nf6 3. g3 Bb4+ 4. Bd2 Bxd2+ 5. Nxd2 d6 6. Bg2 O-O 7. Ngf3 Qe7 8.
e4 e5 9. d5 a5 10. O-O Na6 11. b3 a4 12. Ne1 Bd7 13. Nd3 b5 14. Qc2 Rfb8 15. f4
bxc4 16. bxc4 Nb4 17. Nxb4 Rxb4 18. Rab1 c5 19. a3 Rxb1 20. Qxb1 exf4 21. gxf4
Ng4 22. Qe1 Re8 23. h3 Nh6 24. Qg3 f5 25. Re1 fxe4 26. Rxe4 Qf6 27. Rxe8+ Bxe8
28. Qd3 Bd7 29. Be4 g6 30. Kh2 Qh4 31. Qg3 Qf6 32. Qe3 Kg7 33. Nf3 Nf5 34. Bxf5
Bxf5 35. Kg3 h6 36. Qe8 g5 37. fxg5 hxg5 38. Qe3 Kg6 39. h4 g4 40. Ng5 Bd7 41.
Ne4 Qe7 42. Qg5+ Kf7 43. Qf4+ Kg7 44. Qxd6 Qxe4 45. Qxd7+ Kh8 46. Qc8+ Kh7 47.
Qc7+ Kg6 48. Qf4 Qd3+ 49. Kxg4 Qxa3 50. h5+ Kh7 51. Qf7+ Kh8 52. Qf6+ Kh7 53. h6 1-0

[Event "37th Zurich Christmas 2013"]
[Site "Zurich SUI"]
[Date "2013.12.26"]
[Round "1.42"]
[White "Nuri, Kambez"]
[Black "Riedener, Toni"]
[Result "1-0"]
[WhiteTitle "FM"]
[WhiteElo "2308"]
[BlackElo "2034"]
[WhiteFideId "1311433"]
[BlackFideId "1302698"]
[EventDate "2013.12.26"]

1. e4 c5 2. Nc3 a6 3. Nge2 d6 4. g3 g6 5. Bg2 Bg7 6. d4 cxd4 7. Nxd4 Nf6 8. h3
O-O 9. O-O e5 10. Nde2 Be6 11. Bg5 h6 12. Bxf6 Bxf6 13. Qd2 Be7 14. f4 Nd7 15.
f5 Bg5 16. Qxd6 Be7 17. Qd3 Qb6+ 18. Kh2 Nc5 19. Qf3 Bc4 20. b3 Bxe2 21. Qxe2 1-0

[Event "37th Zurich Christmas 2013"]
[Site "Zurich SUI"]
[Date "2013.12.27"]
[Round "2.3"]
[White "Grachev, Boris"]
[Black "Zude, Erik"]
[Result "1-0"]
[WhiteTitle "GM"]
[BlackTitle "IM"]
[WhiteElo "2669"]
[BlackElo "2363"]
[WhiteFideId "4129199"]
[BlackFideId "4604644"]
[EventDate "2013.12.26"]

1. Nf3 d6 2. d4 Nf6 3. g3 Nbd7 4. Bg2 e5 5. c4 Be7 6. Nc3 O-O 7. O-O c6 8. Qc2
Re8 9. h3 Qc7 10. Rd1 h6 11. e4 b5 12. cxb5 cxb5 13. Qb3 a6 14. Be3 exd4 15.
Nxd4 Ne5 16. Rac1 Nc4 17. Ncxb5 axb5 18. Nxb5 Qa5 19. Qxc4 Ba6 20. a4 Rac8 21.
Qb3 Rb8 22. Bd2 Qb6 23. e5 1-0

[Event "37th Zurich Christmas 2013"]
[Site "Zurich SUI"]
[Date "2013.12.27"]
[Round "2.4"]
[White "Kaczmarczyk, Dennis"]
[Black "Bartel, Mateusz"]
[Result "0-1"]
[BlackTitle "GM"]
[WhiteElo "2361"]
[BlackElo "2649"]
[WhiteFideId "24608297"]
[BlackFideId "1112635"]
[EventDate "2013.12.26"]

1. d4 f5 2. g3 Nf6 3. Bg2 g6 4. Nf3 Bg7 5. c4 O-O 6. O-O d6 7. Nc3 c6 8. Rb1 a5
9. b3 Na6 10. Qd2 Ne4 11. Nxe4 fxe4 12. Ng5 d5 13. cxd5 cxd5 14. f3 h6 15. Nh3
exf3 16. exf3 Bf5 17. Ra1 Rc8 18. g4 Be6 19. Bb2 Nb4 20. Rac1 Qb6 21. a3 Rxc1
22. Rxc1 Nc6 23. Qe3 Bxd4 24. Bxd4 Qxd4 25. Qxd4 Nxd4 26. Rc7 Kf7 27. Rxb7 Rc8
28. Nf4 Rc3 29. Nxe6 Kxe6 30. f4 Ne2+ 31. Kf2 Nxf4 32. Bf3 Nd3+ 33. Kf1 Nc5 34.
Rb6+ Ke5 35. Bd1 Rc1 36. Ke2 Ne4 37. b4 axb4 38. axb4 Kd4 39. Bb3 Rc3 40. Ba4
Rh3 0-1

[Event "37th Zurich Christmas 2013"]
[Site "Zurich SUI"]
[Date "2013.12.27"]
[Round "2.6"]
[White "Georgiev, Kiril"]
[Black "Zozulia, Anna"]
[Result "1-0"]
[WhiteTitle "GM"]
[BlackTitle "IM"]
[WhiteElo "2648"]
[BlackElo "2339"]
[WhiteFideId "2900017"]
[BlackFideId "14102110"]
[EventDate "2013.12.26"]

1. d4 Nf6 2. Nf3 g6 3. g3 Bg7 4. Bg2 O-O 5. O-O d6 6. c4 c6 7. Nc3 Nbd7 8. e4 e5
9. Be3 exd4 10. Nxd4 Re8 11. h3 a5 12. Qc2 Nc5 13. Rad1 Qe7 14. Rfe1 a4 15. f3
Nfd7 16. Bf2 h5 17. f4 Qf8 18. b4 axb3 19. axb3 Na6 20. Na2 Ndc5 21. b4 Ne6 22.
Nf3 Qe7 23. Qd2 Bf8 24. f5 Ng7 25. Bd4 Qc7 26. Qh6 1-0

[Event "37th Zurich Christmas 2013"]
[Site "Zurich SUI"]
[Date "2013.12.27"]
[Round "2.7"]
[White "Popov, Ivan RUS"]
[Black "Hauge, Lars Oskar"]
[Result "1-0"]
[WhiteTitle "GM"]
[BlackTitle "FM"]
[WhiteElo "2644"]
[BlackElo "2321"]
[WhiteFideId "4170350"]
[BlackFideId "1509276"]
[EventDate "2013.12.26"]

1. e4 c5 2. Nf3 d6 3. d4 cxd4 4. Nxd4 Nf6 5. Nc3 a6 6. Be3 e5 7. Nb3 Be6 8. f3
h5 9. Be2 Nbd7 10. Nd5 Bxd5 11. exd5 g6 12. Qd2 Bg7 13. Na5 Qc7 14. c4 b6 15.
Nc6 Nb8 16. Nb4 O-O 17. O-O a5 18. Nc2 Na6 19. Na3 Rfb8 20. Nb5 Qe7 21. b3 Nc7
22. Rac1 Rb7 23. Nc3 Nd7 24. a3 f5 25. b4 axb4 26. axb4 Kh8 27. Ra1 Raa7 28.
Rxa7 Rxa7 29. c5 bxc5 30. bxc5 Nxc5 31. Bxc5 dxc5 32. d6 Qd8 33. dxc7 Qxd2 34.
c8=Q+ Kh7 35. Qxc5 1-0

[Event "37th Zurich Christmas 2013"]
[Site "Zurich SUI"]
[Date "2013.12.27"]
[Round "2.10"]
[White "Gloor, Roger"]
[Black "Van Kampen, Robin"]
[Result "0-1"]
[WhiteTitle "FM"]
[BlackTitle "GM"]
[WhiteElo "2335"]
[BlackElo "2601"]
[WhiteFideId "1316958"]
[BlackFideId "1020854"]
[EventDate "2013.12.26"]

1. Nf3 Nf6 2. c4 g6 3. Nc3 Bg7 4. e4 d6 5. d4 O-O 6. h3 e5 7. d5 Nh5 8. g3 Na6
9. Bg2 f5 10. exf5 gxf5 11. Ng5 Nf6 12. O-O h6 13. Ne6 Bxe6 14. dxe6 Nc5 15. Qc2
e4 16. f3 Nh5 17. fxe4 Nxg3 18. Rxf5 Nxe6 19. Rxf8+ Qxf8 20. Be3 Be5 21. Qd2 Qg7
22. Bxh6 Bd4+ 23. Be3 Rf8 24. Re1 Bxe3+ 25. Qxe3 Nf4 26. Qd2 Nxg2 27. Qxg2 Qd4+
28. Kh2 Rf2 29. Kxg3 Rxg2+ 30. Kxg2 Qxc4 31. e5 Qe6 32. Re4 dxe5 33. h4 Qf5 34.
Re3 Kh8 35. Rf3 Qg4+ 36. Rg3 Qd4 37. Kh3 e4 38. Rg4 Qd3+ 39. Rg3 e3 40. Kg4 Qd2
41. Ne4 Qd4 42. Kf5 e2 0-1

[Event "37th Zurich Christmas 2013"]
[Site "Zurich SUI"]
[Date "2013.12.27"]
[Round "2.14"]
[White "Bartel, Marta"]
[Black "Sengupta, Deep"]
[Result "1-0"]
[WhiteTitle "WGM"]
[BlackTitle "GM"]
[WhiteElo "2306"]
[BlackElo "2570"]
[WhiteFideId "1123009"]
[BlackFideId "5008352"]
[EventDate "2013.12.26"]

1. d4 e6 2. Nf3 Nf6 3. c4 c5 4. d5 b5 5. dxe6 fxe6 6. cxb5 d5 7. e3 Bd6 8. Nbd2
Bb7 9. Be2 O-O 10. O-O Nbd7 11. b3 Qe7 12. Qc2 Rac8 13. Ba3 Kh8 14. Rad1 Nb6 15.
Bb2 e5 16. e4 c4 17. bxc4 Nxc4 18. Bxc4 Nxe4 19. Rde1 Bb4 20. Nxe5 Bxd2 21. Rxe4
dxc4 22. Qxd2 Rf5 23. Ng6+ 1-0

[Event "37th Zurich Christmas 2013"]
[Site "Zurich SUI"]
[Date "2013.12.27"]
[Round "2.23"]
[White "Maeder, Christian"]
[Black "Gallagher, Joseph G."]
[Result "0-1"]
[BlackTitle "GM"]
[WhiteElo "2017"]
[BlackElo "2495"]
[WhiteFideId "1308270"]
[BlackFideId "1303422"]
[EventDate "2013.12.26"]

1. c4 e5 2. g3 Nf6 3. Bg2 c6 4. Nf3 e4 5. Nd4 d5 6. cxd5 Qxd5 7. e3 Bc5 8. Nc3
Qe5 9. Nb3 Bb6 10. d4 exd3 11. Qxd3 O-O 12. O-O Qh5 13. Qe2 Bg4 14. f3 Be6 15.
Nd4 Bxd4 16. exd4 Nbd7 17. Bf4 Nb6 18. Qf2 Nfd5 19. g4 Qg6 20. Bg3 f5 21. gxf5
Rxf5 22. Bh3 Rf7 23. Bxe6 Qxe6 24. Rae1 Qg6 25. Kh1 Raf8 26. Be5 Qd3 27. Rg1 g6
28. Nxd5 Nxd5 29. Rg3 Rxf3 30. Rxf3 Rxf3 31. Qe2 Qf5 32. Bg3 Re3 33. Qg2 Rxe1+
34. Bxe1 Qd3 35. Qf2 Qe4+ 36. Kg1 Nf4 0-1

[Event "37th Zurich Christmas 2013"]
[Site "Zurich SUI"]
[Date "2013.12.27"]
[Round "2.27"]
[White "Doluhanova, Evgeniya"]
[Black "Sprenger, Manuel"]
[Result "1-0"]
[WhiteTitle "WGM"]
[WhiteElo "2350"]
[BlackElo "2045"]
[WhiteFideId "14112035"]
[BlackFideId "1313690"]
[EventDate "2013.12.26"]

1. e4 g6 2. d4 Bg7 3. Nc3 d6 4. Be3 a6 5. Qd2 b5 6. Bd3 Nd7 7. Nce2 c5 8. c3 Bb7
9. f3 Ngf6 10. Nh3 O-O 11. O-O e5 12. d5 c4 13. Bc2 Qc7 14. Ng3 Nc5 15. Bh6 Nfd7
16. Bxg7 Kxg7 17. f4 exf4 18. Nxf4 Rae8 19. Nfh5+ gxh5 20. Nxh5+ Kg6 21. Rf3 1-0

[Event "37th Zurich Christmas 2013"]
[Site "Zurich SUI"]
[Date "2013.12.27"]
[Round "3.2"]
[White "Alekseev, Evgeny"]
[Black "Fier, Alexandr"]
[Result "1/2-1/2"]
[WhiteTitle "GM"]
[BlackTitle "GM"]
[WhiteElo "2698"]
[BlackElo "2572"]
[WhiteFideId "4138147"]
[BlackFideId "2107139"]
[EventDate "2013.12.26"]

1. e4 c5 2. Nf3 a6 3. c3 d5 4. exd5 Nf6 5. d4 cxd4 6. Qa4+ Qd7 7. Qxd7+ Nbxd7 8.
c4 b5 9. cxb5 Nxd5 10. Nxd4 e5 11. Nc2 Nc5 12. Nc3 Nxc3 13. bxc3 axb5 14. Bxb5+
Bd7 15. Bxd7+ Kxd7 16. Ke2 Ne4 17. Bd2 Bc5 18. Rhb1 Rhb8 19. Rb3 Ke6 20. Rab1
Rc8 21. Be1 Bd6 22. Kd3 Nc5+ 1/2-1/2

[Event "37th Zurich Christmas 2013"]
[Site "Zurich SUI"]
[Date "2013.12.27"]
[Round "3.3"]
[White "Pikula, Dejan"]
[Black "Grachev, Boris"]
[Result "1/2-1/2"]
[WhiteTitle "GM"]
[BlackTitle "GM"]
[WhiteElo "2499"]
[BlackElo "2669"]
[WhiteFideId "906379"]
[BlackFideId "4129199"]
[EventDate "2013.12.26"]

1. e4 c5 2. Nf3 e6 3. g3 Nc6 4. Bg2 Nf6 5. Qe2 Be7 6. O-O e5 7. c3 O-O 8. Rd1
Re8 9. d4 cxd4 10. cxd4 d5 11. Nxe5 Nxe4 12. Be3 Qa5 13. Nd2 Nxd2 14. Bxd2 Qa4
15. Be3 1/2-1/2

[Event "37th Zurich Christmas 2013"]
[Site "Zurich SUI"]
[Date "2013.12.27"]
[Round "3.4"]
[White "Bartel, Mateusz"]
[Black "Miezis, Normunds"]
[Result "1-0"]
[WhiteTitle "GM"]
[BlackTitle "GM"]
[WhiteElo "2649"]
[BlackElo "2554"]
[WhiteFideId "1112635"]
[BlackFideId "11600136"]
[EventDate "2013.12.26"]

1. d4 Nf6 2. c4 e6 3. Nc3 Bb4 4. Qc2 c5 5. dxc5 Nc6 6. Nf3 Bxc5 7. Bg5 Qa5 8. a3
Ng4 9. e3 f5 10. Rd1 O-O 11. Be2 f4 12. b4 Nxb4 13. axb4 Bxb4 14. Rc1 Bc5 15.
Nd2 fxe3 16. Nb3 Qb4 17. f3 h6 18. Bh4 Nf2 19. O-O Be7 20. Bxe7 Qxe7 21. Nd1 Qg5
22. Nxf2 exf2+ 23. Rxf2 d5 24. Rd1 Qe3 25. Rd3 Qb6 26. cxd5 exd5 27. Rxd5 Be6
28. Rb5 Qc6 29. Qb2 Bd5 30. Na5 1-0

[Event "37th Zurich Christmas 2013"]
[Site "Zurich SUI"]
[Date "2013.12.27"]
[Round "3.5"]
[White "Balogh, Csaba"]
[Black "Turner, Matthew J"]
[Result "1-0"]
[WhiteTitle "GM"]
[BlackTitle "GM"]
[WhiteElo "2648"]
[BlackElo "2509"]
[WhiteFideId "718939"]
[BlackFideId "402893"]
[EventDate "2013.12.26"]

1. e4 e5 2. Nf3 Nc6 3. Bb5 f5 4. Nc3 fxe4 5. Nxe4 d5 6. Nxe5 dxe4 7. Nxc6 Qg5 8.
Qe2 Nf6 9. Ne5+ c6 10. f4 Qxf4 11. d4 Qh4+ 12. g3 Qh3 13. Bc4 Be6 14. Bg5 Bd6
15. O-O-O O-O-O 16. Bxf6 gxf6 17. Bxe6+ Qxe6 18. Qc4 Qxc4 19. Nxc4 f5 20. Rhf1
Rhf8 21. Nxd6+ Rxd6 22. Rf4 Rh6 23. Rd2 Rh3 24. Rdf2 Kd7 25. Kd1 Rf6 26. Ke2
Rfh6 27. Rxf5 Rxh2 28. Ke3 R2h3 29. Rg5 Rg6 30. Rxg6 hxg6 31. Rg2 Rh5 32. Kxe4
Rg5 33. g4 c5 34. c4 cxd4 35. b4 Kd6 36. Kxd4 a5 37. a3 b5 38. c5+ Kc6 39. Ke4
Kc7 40. Rg3 Kc8 41. Kf4 Rd5 42. Re3 axb4 43. axb4 Rd4+ 44. Re4 Rd5 45. Re8+ Kc7
46. Re7+ Kc8 47. Rg7 Rd4+ 48. Ke5 Rxg4 49. c6 Rxb4 50. Kd6 Rd4+ 51. Kc5 Rd3 52.
Kb6 b4 53. Rg8+ 1-0

[Event "37th Zurich Christmas 2013"]
[Site "Zurich SUI"]
[Date "2013.12.27"]
[Round "3.6"]
[White "Gallagher, Joseph G."]
[Black "Georgiev, Kiril"]
[Result "0-1"]
[WhiteTitle "GM"]
[BlackTitle "GM"]
[WhiteElo "2495"]
[BlackElo "2648"]
[WhiteFideId "1303422"]
[BlackFideId "2900017"]
[EventDate "2013.12.26"]

1. e4 e5 2. Nf3 Nc6 3. Bc4 Nf6 4. d3 Be7 5. O-O O-O 6. Re1 d6 7. a4 Bg4 8. h3
Bh5 9. c3 a5 10. Nbd2 d5 11. exd5 Nxd5 12. Qb3 Nb6 13. Nxe5 Nxe5 14. Rxe5 Bg6
15. d4 Bd6 16. Re1 Re8 17. Rxe8+ Qxe8 18. Bf1 Bf5 19. Nf3 Be4 20. c4 Bb4 21. Ng5
Bg6 22. c5 Nd7 23. Bf4 c6 24. Bc4 b6 25. Rd1 bxc5 26. d5 Nb6 27. dxc6 Nxc4 28.
Qxc4 Qxc6 29. Rd6 Qe8 30. Qd5 Rc8 31. Qb7 c4 32. Rd7 Bf8 33. Be3 c3 34. bxc3
Rxc3 35. Qd5 Rd3 36. Qxd3 Bxd3 37. Rxd3 h6 38. Nf3 Bb4 39. Kh2 Kh7 40. Rd5 Qxa4
41. Nd4 Qe8 42. g3 a4 43. Nc2 Bf8 44. Ra5 Qe4 45. Nd4 a3 46. Ne2 Qc4 47. Nc1 Bd6
48. Kg1 Bb4 49. Ra7 Bc3 50. Rxa3 Bd4 51. Bd2 Bb2 52. Rb3 Bxc1 53. Rc3 Qd4 54.
Rxc1 Qxd2 55. Rc5 Qe1+ 56. Kg2 Qe4+ 57. Kg1 f5 58. Rc1 f4 59. gxf4 Qxf4 0-1

[Event "37th Zurich Christmas 2013"]
[Site "Zurich SUI"]
[Date "2013.12.27"]
[Round "3.7"]
[White "Kashlinskaya, Alina"]
[Black "Popov, Ivan RUS"]
[Result "1/2-1/2"]
[WhiteTitle "WGM"]
[BlackTitle "GM"]
[WhiteElo "2422"]
[BlackElo "2644"]
[WhiteFideId "4198026"]
[BlackFideId "4170350"]
[EventDate "2013.12.26"]

1. d4 Nf6 2. c4 c5 3. d5 b5 4. cxb5 a6 5. bxa6 g6 6. Nc3 Bxa6 7. Nf3 Bg7 8. e4
Bxf1 9. Kxf1 d6 10. g3 O-O 11. Kg2 Nbd7 12. Qe2 Qa5 13. Bd2 Rfb8 14. b3 Ne8 15.
Na4 Qa6 16. Qxa6 Rxa6 17. Rac1 Nb6 18. Nxb6 Raxb6 19. Bc3 Ra6 20. Bxg7 Kxg7 21.
Rc2 Ra3 22. Rb1 Nc7 23. Nd2 Nb5 24. Nc4 Ra7 25. Rbb2 Na3 26. Nxa3 Rxa3 27. Rc4 1/2-1/2

[Event "37th Zurich Christmas 2013"]
[Site "Zurich SUI"]
[Date "2013.12.27"]
[Round "3.8"]
[White "Kovalenko, Igor"]
[Black "Sebenik, Matej"]
[Result "1-0"]
[WhiteTitle "GM"]
[BlackTitle "GM"]
[WhiteElo "2643"]
[BlackElo "2496"]
[WhiteFideId "14117908"]
[BlackFideId "14602296"]
[EventDate "2013.12.26"]

1. d4 d5 2. c4 c6 3. Nc3 Nf6 4. e3 a6 5. Nf3 Bf5 6. Qb3 Ra7 7. Bd2 e6 8. Rc1
Nbd7 9. Nh4 Be4 10. f3 dxc4 11. Qxc4 Bd5 12. Qe2 b5 13. Nxd5 cxd5 14. g3 Be7 15.
Bh3 O-O 16. O-O Nb6 17. Ba5 Qb8 18. b3 Nfd7 19. Ng2 Rc8 20. Qb2 Rxc1 21. Rxc1
Rc7 22. Nf4 Qc8 23. Rxc7 Qxc7 24. Nxe6 fxe6 25. Bxe6+ Kf8 26. Bxd7 Qxd7 27. Bxb6
Qe6 28. Bc7 Qxe3+ 29. Kg2 Bf6 30. Bf4 Qd3 31. Bd6+ Kf7 32. Bc5 h5 33. h4 Qd1 34.
Qf2 g6 35. Kh2 Kg7 36. f4 Qb1 37. Qg2 Qf5 38. a4 bxa4 39. bxa4 Qd7 40. Qa2 Qb7
41. Qe2 Qb3 42. a5 Qc4 43. Qf2 Kf7 44. f5 Qd3 45. fxg6+ Kxg6 46. Bb6 Qd1 47. Ba7
Qd3 48. Bc5 Qd1 49. Kg2 Qd3 50. Kg1 Qd1+ 51. Kh2 Qd3 52. Qe1 Kf5 53. Qe8 Qf3 54.
Qc8+ Kg6 55. Qxa6 Qf2+ 56. Kh3 Qf3 57. Kh2 Qf2+ 58. Kh1 Qf3+ 59. Kg1 Qxg3+ 60.
Kf1 Qf3+ 61. Ke1 Qe3+ 62. Kd1 Qb3+ 63. Ke1 Qe3+ 64. Kd1 Qb3+ 65. Kd2 Qb2+ 66.
Ke3 Qc1+ 67. Kf3 Qc3+ 68. Kf2 Qd2+ 69. Qe2 Bxh4+ 70. Kf3 Qc3+ 71. Qe3 Qxa5 72.
Qe8+ Kf5 73. Qxh5+ Bg5 74. Qh7+ Ke6 75. Qg6+ Bf6 76. Qg8+ 1-0